Japonsko - negativní růst?

Významná úloha kultúrnej tradície pospolitosti a harmónie v japonskej ekonomike ako kritický moment, brániaci prenosu japonských skúseností. Stručný prehľad dnešnej situácie v japonskej ekonomike, vrátane 9 druhov štatistických údajov, dokresľujúcich vývojové trendy.

Guardado en:
Detalles Bibliográficos
Autor principal: Němcová, A.
Formato: Capítulo de libro
Lenguaje:checo
Materias:
Etiquetas: Agregar Etiqueta
Sin Etiquetas, Sea el primero en etiquetar este registro!

MARC

LEADER 00000naa a2200000 4500
001 r007721
005 20220831090859.4
041 0 |a cze 
044 |a [CS] 
245 1 0 |a Japonsko - negativní růst?  |c A. Němcová 
520 |a Významná úloha kultúrnej tradície pospolitosti a harmónie v japonskej ekonomike ako kritický moment, brániaci prenosu japonských skúseností. Stručný prehľad dnešnej situácie v japonskej ekonomike, vrátane 9 druhov štatistických údajov, dokresľujúcich vývojové trendy. 
610 2 0 |a rozvoj hospodársky 
610 2 0 |a hospodárstvo národné 
610 2 0 |a Japonsko 
610 2 0 |a údaje štatistické 
100 1 |a Němcová, A.